000 00659nam a2200241Ia 4500
003 OSt
005 20221007075151.0
006 a|||||r|||| 00| 0
007 ta
008 221006b |||||||| |||| 00| 0 eng d
020 _a8187228423
024 _a2,832
037 _cTextual
040 _aFLL
_cFLL
_beng
041 _2eng
_aeng
082 _aZ2,2675, P1
100 _aNaryanan P. Au.
_9684659
245 0 _aLaw of trade marks in India
260 _aNew Delhi
_bCommercial Law Publishers (I) Pvt. Ltd. India
_c2001
650 _aLaw of trade marks
942 _hZ2,2675, P1
_cTEXL
_2CC
999 _c1155051
_d1155051